Lord of the Rings--Every Character Mentioned in Book One - Statistics

General Stats
  • This quiz has been taken 47 times
  • The average score is 45 of 122
Answer Stats
Times Mentioned Answer % Correct
276 Aragorn
100%
944 Frodo
100%
432 Gandalf
100%
121 Gimli
100%
71 Legolas
100%
344 Samwise
100%
231 Bilbo
97%
123 Boromir
97%
174 Merry
92%
204 Pippin
92%
31 Galadriel
89%
43 Saruman
89%
6 Arwen
86%
114 Elrond
86%
61 Gollum/Smeagol
84%
52 Sauron
84%
107 Tom Bombadil
81%
4 Denethor
76%
33 Gloin
76%
4 Thorin
76%
27 Celeborn
73%
20 Balin
68%
30 Isildur
68%
50 Barliman Butterbur
62%
13 Durin's Bane
62%
35 Glorfindel
62%
13 Lobelia
62%
12 Radagast
62%
33 Goldberry
59%
20 Hamfast
57%
4 Oin
57%
17 Durin
54%
22 Fredegar/Fatty
54%
43 Haldir
54%
3 Halfast
54%
1 Bombur
51%
1 Dwalin
51%
4 Thranduil
51%
7 Arathorn
49%
28 Elendil
49%
1 Bifur
46%
1 Bofur
46%
9 Dain
46%
29 Farmer Maggot
46%
2 Luthien
46%
3 Ori
46%
1 Bard
43%
9 Beren
43%
6 Otho
43%
2 Shadowfax
43%
1 Smaug
43%
16 Bill the pony
41%
14 Gil-galad
41%
1 Nori
38%
1 Dori
35%
4 Gwaihir
35%
1 Morgoth
35%
4 Thrain
35%
5 Thror
35%
1 Beorn
32%
11 Deagol
32%
9 Drogo
32%
3 Old Took
32%
13 Bill Ferny
30%
3 Elrohir
30%
26 Gildor
30%
7 Old Man Willow
30%
7 Earendil
27%
3 Elladan
27%
3 Cirdan
24%
3 Celebrimbor
22%
3 Fundin
22%
14 Ted Sandyman
22%
1 Ancalagon
19%
9 Bob
19%
14 Nob
19%
2 Anarion
16%
1 Bain
16%
3 Brand
16%
2 Fang
14%
2 Harry
14%
2 Odo
14%
12 Elbereth
11%
2 Lindir
11%
5 Mrs Maggot
11%
1 Dior
8%
1 Dora
8%
2 Folco
8%
2 Wolf
8%
1 Adelard
5%
1 Angelica
5%
1 Barahir
5%
4 Erestor
5%
1 Everard
5%
1 Frar
5%
7 Galdor
5%
3 Grip
5%
1 Meliot
5%
2 Milo
5%
2 Mugwort
5%
2 Orophin
5%
1 Primula
5%
3 Rory
5%
3 Rumil
5%
2 Sancho
5%
1 Andy
3%
3 Barley
3%
1 Beruthiel
3%
1 Daddy Twofoot
3%
1 Esmeralda
3%
2 Floi
3%
3 Gorbadoc
3%
1 Gorhendad
3%
1 Grimbeorn
3%
1 Hugo
3%
1 Loni
3%
7 Lumpkin
3%
1 Nali
3%
1 Old Holman
3%
1 Old Noakes
3%
2 Heel
0%
2 Menedil
0%
No matching quizzes found
Score Distribution
Percent of People with Each Score
Percentile by Number Answered
Your Score History
You have not taken this quiz